[Event "Small Nations"]
[Site "?"]
[Date "2015.04.20"]
[Round "2.7"]
[White "Jelic, Dejan"]
[Black "Jose Queralto, Daniel"]
[Result "0-1"]
[BlackElo "2154"]
[WhiteElo "1968"]
[LiveChessVersion "1.4.5"]

1. d4 {[%clk 1:30:57]} d5 {[%clk 1:30:56]} 2. c4 {[%clk 1:31:24]} dxc4
{[%clk 1:31:21]} 3. Nf3 {[%clk 1:31:46]} Nf6 {[%clk 1:31:46]} 4. e3
{[%clk 1:32:09]} e6 {[%clk 1:32:10]} 5. Bxc4 {[%clk 1:32:22]} c5 {[%clk 1:32:35]}
6. O-O {[%clk 1:32:32]} Nc6 7. Nc3 {[%clk 1:31:40]} cxd4 {[%clk 1:33:15]} 8. exd4
{[%clk 1:31:55]} Be7 {[%clk 1:33:39]} 9. Bg5 {[%clk 1:27:42]} O-O
{[%clk 1:33:05]} 10. Qd2 {[%clk 1:25:07]} Nb4 {[%clk 1:14:25]} 11. Rfe1
{[%clk 1:21:35]} a6 {[%clk 1:08:52]} 12. a4 {[%clk 1:21:51]} b6 {[%clk 1:08:06]}
13. Rad1 {[%clk 1:17:29]} Bb7 {[%clk 1:07:05]} 14. Qe2 {[%clk 1:16:56]} Nfd5
{[%clk 1:01:21]} 15. Bxe7 {[%clk 1:14:22]} Qxe7 {[%clk 0:55:41]} 16. Nxd5
{[%clk 1:13:27]} Bxd5 {[%clk 0:48:39]} 17. Bxd5 {[%clk 1:13:33]} Nxd5
{[%clk 0:49:05]} 18. Qc4 {[%clk 1:08:04]} Qb7 {[%clk 0:48:02]} 19. Qd3
{[%clk 1:03:35]} h6 {[%clk 0:47:38]} 20. Qe4 {[%clk 1:01:28]} b5 {[%clk 0:46:47]}
21. axb5 {[%clk 1:00:04]} Qxb5 {[%clk 0:47:11]} 22. Rd2 {[%clk 0:58:45]} Rac8
{[%clk 0:44:14]} 23. h3 {[%clk 0:57:57]} Rc7 {[%clk 0:41:39]} 24. Ne5
{[%clk 0:56:32]} Rfc8 {[%clk 0:39:01]} 25. Qf3 {[%clk 0:55:00]} Qb4
{[%clk 0:32:52]} 26. Ree2 {[%clk 0:50:38]} Qa4 {[%clk 0:29:23]} 27. Re1
{[%clk 0:47:14]} Nb4 {[%clk 0:29:15]} 28. b3 {[%clk 0:44:58]} Qb5
{[%clk 0:27:14]} 29. Nc4 {[%clk 0:44:36]} Rd8 {[%clk 0:26:53]} 30. Re5
{[%clk 0:42:41]} Qb8 {[%clk 0:26:04]} 31. Rc5 {[%clk 0:34:25]} Qa7
{[%clk 0:23:30]} 32. Rxc7 {[%clk 0:31:42]} Qxc7 {[%clk 0:23:55]} 33. Qe4
{[%clk 0:28:51]} Qc6 {[%clk 0:23:32]} 34. f3 {[%clk 0:27:41]} Nd5
{[%clk 0:22:06]} 35. Kf2 {[%clk 0:22:06]} Qb5 {[%clk 0:19:15]} 36. Qc2
{[%clk 0:20:10]} Rb8 {[%clk 0:18:18]} 37. Qa2 {[%clk 0:19:12]} Qxb3
{[%clk 0:17:01]} 38. Qxb3 {[%clk 0:17:21]} Rxb3 {[%clk 0:17:25]} 39. Ra2
{[%clk 0:17:08]} Rb4 {[%clk 0:16:32]} 40. Ne3 {[%clk 0:16:50]} Nxe3
{[%clk 0:14:13]} 41. Kxe3 {[%clk 0:17:12]} Rb6 {[%clk 0:14:39]} 42. Kd3
{[%clk 0:14:27]} Kf8 {[%clk 0:13:59]} 43. d5 {[%clk 0:13:53]} Rd6
{[%clk 0:13:26]} 44. Kc4 {[%clk 0:13:57]} Rxd5 {[%clk 0:12:03]} 45. Rxa6
{[%clk 0:14:09]} Rd2 {[%clk 0:12:19]} 46. g3 {[%clk 0:12:25]} Rg2
{[%clk 0:12:20]} 47. g4 {[%clk 0:12:44]} Rg3 {[%clk 0:12:10]} 48. Ra3
{[%clk 0:13:09]} Rxh3 {[%clk 0:12:35]} 49. Kd4 {[%clk 0:13:31]} g6
{[%clk 0:10:40]} 50. Ke5 {[%clk 0:13:04]} Kg7 {[%clk 0:11:04]} 51. Re3
{[%clk 0:13:00]} Rh1 {[%clk 0:10:57]} 52. f4 {[%clk 0:12:54]} Rg1
{[%clk 0:10:27]} 53. f5 {[%clk 0:13:17]} exf5 {[%clk 0:10:34]} 54. gxf5
{[%clk 0:13:41]} Rg5 {[%clk 0:10:59]} 55. Rf3 {[%clk 0:13:17]} Rxf5+
{[%clk 0:11:24]} 56. Rxf5 {[%clk 0:13:42]} gxf5 {[%clk 0:11:48]} 57. Kxf5
{[%clk 0:14:09]} f6 {[%clk 0:12:09]} 0-1

[Event "Small Nations"]
[Site "?"]
[Date "2015.04.20"]
[Round "2.8"]
[White "Fernandez Lopez, Joan"]
[Black "Muendle, Kurt"]
[Result "1-0"]
[BlackElo "1863"]
[WhiteElo "2133"]
[LiveChessVersion "1.4.5"]

1. e4 {[%clk 1:30:55]} e6 {[%clk 1:30:51]} 2. Nf3 {[%clk 1:30:49]} Nc6
{[%clk 1:29:06]} 3. d4 {[%clk 1:20:57]} Nf6 {[%clk 1:22:12]} 4. Bg5
{[%clk 1:06:07]} Be7 {[%clk 1:21:09]} 5. Nbd2 {[%clk 1:05:44]} O-O
{[%clk 1:18:01]} 6. c3 {[%clk 1:03:52]} h6 {[%clk 1:09:11]} 7. Be3
{[%clk 1:01:44]} d5 {[%clk 1:02:08]} 8. e5 {[%clk 0:59:56]} Nh7 {[%clk 0:57:31]}
9. Bd3 {[%clk 0:49:22]} f5 {[%clk 0:51:37]} 10. exf6 {[%clk 0:48:43]} Nxf6
{[%clk 0:49:49]} 11. Ne5 {[%clk 0:43:54]} Nxe5 {[%clk 0:42:39]} 12. dxe5
{[%clk 0:44:14]} Nd7 {[%clk 0:42:03]} 13. Nf3 {[%clk 0:35:04]} Nb6
{[%clk 0:36:28]} 14. Bc2 {[%clk 0:33:36]} Kf7 {[%clk 0:26:40]} 15. Nd4
{[%clk 0:32:02]} Nc4 {[%clk 0:23:30]} 16. Qh5+ {[%clk 0:28:52]} Kg8
{[%clk 0:22:23]} 17. Bxh6 {[%clk 0:28:39]} Rf7 {[%clk 0:16:40]} 18. Be3
{[%clk 0:26:42]} Rf5 {[%clk 0:12:43]} 19. Nxf5 {[%clk 0:24:46]} exf5
{[%clk 0:13:11]} 20. Bxf5 {[%clk 0:24:25]} Bxf5 {[%clk 0:13:15]} 21. Qxf5
{[%clk 0:24:50]} Nxe3 {[%clk 0:11:43]} 22. fxe3 {[%clk 0:25:13]} Bg5
{[%clk 0:08:48]} 23. Rf1 {[%clk 0:23:57]} Qe7 {[%clk 0:08:31]} 24. Rf3
{[%clk 0:23:48]} Bh6 {[%clk 0:07:54]} 25. O-O-O {[%clk 0:23:00]} Rd8
{[%clk 0:06:06]} 26. e6 {[%clk 0:20:50]} c6 {[%clk 0:05:22]} 27. Qf7+
{[%clk 0:20:14]} Qxf7 {[%clk 0:05:44]} 28. Rxf7 {[%clk 0:20:39]} Bxe3+
{[%clk 0:05:52]} 29. Kc2 {[%clk 0:21:03]} Re8 {[%clk 0:04:56]} 30. Re1
{[%clk 0:21:14]} d4 {[%clk 0:04:01]} 31. cxd4 {[%clk 0:21:15]} Bxd4
{[%clk 0:04:31]} 32. Rxb7 {[%clk 0:21:26]} Bc5 {[%clk 0:04:02]} 33. Rc7
{[%clk 0:21:04]} 1-0

[Event "Small Nations"]
[Site "?"]
[Date "2015.04.20"]
[Round "2.9"]
[White "Constantinou, Pavlos"]
[Black "Berend, Fred"]
[Result "0-1"]
[BlackElo "2349"]
[WhiteElo "2057"]
[LiveChessVersion "1.4.5"]

1. Nf3 {[%clk 1:30:56]} g6 {[%clk 1:28:54]} 2. d4 {[%clk 1:31:21]} Nf6
{[%clk 1:29:08]} 3. c4 {[%clk 1:31:22]} Bg7 {[%clk 1:29:32]} 4. Nc3
{[%clk 1:31:46]} O-O {[%clk 1:29:51]} 5. Bg5 {[%clk 1:32:10]} c5 {[%clk 1:29:41]}
6. d5 {[%clk 1:32:37]} h6 {[%clk 1:30:06]} 7. Bh4 {[%clk 1:33:04]} d6
{[%clk 1:30:30]} 8. e3 {[%clk 1:33:31]} g5 {[%clk 1:30:26]} 9. Bg3
{[%clk 1:33:58]} Nh5 {[%clk 1:30:45]} 10. Qc2 {[%clk 1:32:58]} f5
{[%clk 1:27:43]} 11. Be2 {[%clk 1:30:18]} a6 {[%clk 1:13:31]} 12. Nd2
{[%clk 1:29:30]} Qe8 {[%clk 1:10:00]} 13. f4 {[%clk 1:22:28]} Nd7
{[%clk 0:57:49]} 14. O-O-O {[%clk 1:20:48]} b5 {[%clk 0:54:20]} 15. cxb5
{[%clk 1:17:42]} Nb6 {[%clk 0:51:08]} 16. Nc4 {[%clk 1:09:18]} Nxc4
{[%clk 0:44:57]} 17. Bxc4 {[%clk 1:09:40]} axb5 {[%clk 0:34:52]} 18. Bxb5
{[%clk 1:09:32]} Bd7 {[%clk 0:34:00]} 19. Bc4 {[%clk 1:03:00]} Qg6
{[%clk 0:32:02]} 20. Rdf1 {[%clk 0:50:41]} Rfb8 {[%clk 0:27:36]} 21. fxg5
{[%clk 0:49:26]} Nxg3 {[%clk 0:26:25]} 22. hxg3 {[%clk 0:48:40]} Qxg5
{[%clk 0:26:35]} 23. Rf3 {[%clk 0:36:51]} Rb4 {[%clk 0:26:37]} 24. Bd3
{[%clk 0:36:34]} Rab8 {[%clk 0:22:27]} 25. b3 {[%clk 0:33:48]} Rg4
{[%clk 0:19:05]} 26. Ne2 {[%clk 0:28:38]} c4 {[%clk 0:13:10]} 27. Bxc4
{[%clk 0:22:23]} Re4 {[%clk 0:08:32]} 28. Qd2 {[%clk 0:13:15]} Bb5
{[%clk 0:07:47]} 29. Bxb5 {[%clk 0:11:25]} Rxb5 {[%clk 0:08:08]} 30. Rf4
{[%clk 0:11:37]} Re5 {[%clk 0:06:46]} 31. Nc3 {[%clk 0:07:14]} Rc5
{[%clk 0:07:02]} 32. Kb1 {[%clk 0:03:49]} Qxg3 {[%clk 0:05:18]} 33. b4
{[%clk 0:02:44]} Rxe3 {[%clk 0:04:22]} 34. Nd1 {[%clk 0:00:40]} Qxf4
{[%clk 0:03:38]} 35. bxc5 {[%clk 0:00:36]} Rb3+ {[%clk 0:02:56]} 36. Kc2
{[%clk 0:00:47]} Qc4+ {[%clk 0:03:00]} 0-1

[Event "Small Nations"]
[Site "?"]
[Date "2015.04.20"]
[Round "2.10"]
[White "Wiedenkeller, Michael"]
[Black "Aristotelous, Vassilis"]
[Result "1-0"]
[BlackElo "1969"]
[WhiteElo "2470"]
[LiveChessVersion "1.4.5"]

1. d4 {[%clk 1:30:48]} d6 {[%clk 1:30:53]} 2. c4 {[%clk 1:30:32]} e5
{[%clk 1:30:43]} 3. Nf3 {[%clk 1:29:43]} e4 {[%clk 1:30:02]} 4. Ng5
{[%clk 1:30:00]} f5 {[%clk 1:30:04]} 5. Nc3 {[%clk 1:30:10]} Be7 {[%clk 1:30:18]}
6. Nh3 {[%clk 1:30:02]} Nf6 {[%clk 1:30:15]} 7. g3 {[%clk 1:29:21]} O-O
{[%clk 1:19:48]} 8. Bg2 {[%clk 1:29:13]} c6 {[%clk 1:12:52]} 9. f3
{[%clk 1:25:52]} Na6 {[%clk 1:04:08]} 10. O-O {[%clk 1:19:54]} Qb6
{[%clk 0:45:13]} 11. Rb1 {[%clk 1:09:52]} Qb4 {[%clk 0:38:22]} 12. fxe4
{[%clk 0:55:29]} fxe4 {[%clk 0:37:53]} 13. Nf2 {[%clk 0:55:00]} Bf5
{[%clk 0:30:20]} 14. Qa4 {[%clk 0:29:04]} e3 {[%clk 0:19:50]} 15. Nd3
{[%clk 0:27:10]} Qxa4 {[%clk 0:19:33]} 16. Nxa4 {[%clk 0:27:25]} Ng4
{[%clk 0:15:44]} 17. h3 {[%clk 0:14:15]} Nf2 {[%clk 0:11:51]} 18. Bxe3
{[%clk 0:12:59]} Nxd3 {[%clk 0:12:01]} 19. exd3 {[%clk 0:12:44]} Bxd3
{[%clk 0:12:24]} 20. Rxf8+ {[%clk 0:13:07]} Rxf8 {[%clk 0:12:44]} 21. Rc1
{[%clk 0:13:08]} Bf6 {[%clk 0:11:18]} 22. a3 {[%clk 0:10:34]} Re8
{[%clk 0:10:26]} 23. Bf2 {[%clk 0:09:39]} Nc7 {[%clk 0:10:12]} 24. b4
{[%clk 0:07:52]} Bg5 {[%clk 0:08:33]} 25. Rc3 {[%clk 0:08:02]} Be4
{[%clk 0:08:18]} 26. h4 {[%clk 0:05:26]} Bd2 {[%clk 0:08:13]} 27. Bxe4
{[%clk 0:05:50]} Rxe4 {[%clk 0:08:12]} 28. Rd3 {[%clk 0:06:16]} Bc1 29. Nc3
{[%clk 0:06:24]} Re8 {[%clk 0:06:20]} 30. Na2 {[%clk 0:05:16]} Bh6
{[%clk 0:06:20]} 31. d5 {[%clk 0:05:24]} cxd5 {[%clk 0:04:59]} 32. cxd5
{[%clk 0:05:43]} a6 {[%clk 0:02:39]} 33. Bb6 {[%clk 0:04:41]} Na8
{[%clk 0:02:39]} 34. Bd4 {[%clk 0:03:21]} Nc7 {[%clk 0:02:51]} 35. Nc3
{[%clk 0:03:20]} g6 {[%clk 0:02:38]} 36. Bb6 {[%clk 0:02:04]} Na8
{[%clk 0:02:50]} 37. Bf2 {[%clk 0:01:24]} Nc7 {[%clk 0:03:07]} 38. Na4
{[%clk 0:01:20]} Re5 {[%clk 0:02:15]} 39. Nb6 {[%clk 0:01:37]} Bg7
{[%clk 0:01:34]} 40. Kg2 {[%clk 0:00:55]} Rf5 {[%clk 0:01:08]} 41. Be3
{[%clk 0:27:27]} h5 {[%clk 0:21:58]} 42. Bf4 {[%clk 0:24:34]} Be5
{[%clk 0:18:59]} 43. Nc8 {[%clk 0:22:12]} Kf7 {[%clk 0:09:49]} 44. Bxe5
{[%clk 0:21:29]} Rxe5 {[%clk 0:10:09]} 45. Nxd6+ {[%clk 0:21:47]} Kf6
{[%clk 0:08:33]} 46. Nxb7 {[%clk 0:18:31]} Rxd5 {[%clk 0:06:50]} 47. Rc3
{[%clk 0:15:45]} Rd2+ {[%clk 0:05:44]} 48. Kf3 {[%clk 0:15:22]} Nb5
{[%clk 0:05:28]} 49. Rc6+ {[%clk 0:14:01]} Kf5 {[%clk 0:05:07]} 50. Rc5+
{[%clk 0:13:39]} Kf6 {[%clk 0:05:12]} 51. a4 {[%clk 0:12:36]} Nd4+
{[%clk 0:01:58]} 52. Ke4 {[%clk 0:09:49]} Nc2 {[%clk 0:01:16]} 53. Rc6+
{[%clk 0:09:52]} Ke7 {[%clk 0:01:22]} 54. Rxa6 {[%clk 0:08:21]} Rd4+
{[%clk 0:01:26]} 55. Ke5 {[%clk 0:08:21]} Rxb4 {[%clk 0:01:43]} 56. Nc5
{[%clk 0:08:16]} Rg4 {[%clk 0:01:35]} 57. Ra7+ {[%clk 0:08:28]} Kd8
{[%clk 0:01:18]} 58. Ne6+ {[%clk 0:07:38]} Kc8 {[%clk 0:01:30]} 59. Rc7+
{[%clk 0:07:51]} Kb8 {[%clk 0:01:43]} 60. Rxc2 {[%clk 0:08:13]} Rxa4
{[%clk 0:02:04]} 61. Kf6 {[%clk 0:07:35]} Rg4 {[%clk 0:02:11]} 62. Rc3
{[%clk 0:07:49]} Kb7 {[%clk 0:02:17]} 63. Ng5 {[%clk 0:08:09]} 1-0

[Event "Small Nations"]
[Site "?"]
[Date "2015.04.20"]
[Round "2.11"]
[White "Kassinopoullos, Doros"]
[Black "Linster, Philippe"]
[Result "1/2-1/2"]
[BlackElo "2239"]
[WhiteElo "2099"]
[LiveChessVersion "1.4.5"]

1. e4 {[%clk 1:30:52]} e5 {[%clk 1:30:56]} 2. Nf3 {[%clk 1:30:26]} Nc6
{[%clk 1:31:22]} 3. Bb5 {[%clk 1:30:10]} a6 {[%clk 1:31:46]} 4. Bxc6
{[%clk 1:30:11]} dxc6 {[%clk 1:32:10]} 5. d3 {[%clk 1:30:26]} f6 {[%clk 1:26:52]}
6. Be3 {[%clk 1:29:22]} Bg4 {[%clk 1:25:50]} 7. Nbd2 {[%clk 1:28:10]} Bd6
{[%clk 1:21:52]} 8. h3 {[%clk 1:27:34]} Bh5 {[%clk 1:21:59]} 9. Qe2
{[%clk 1:24:50]} Ne7 {[%clk 1:12:07]} 10. g4 {[%clk 1:21:00]} Bf7
{[%clk 1:11:45]} 11. Nc4 {[%clk 1:19:41]} c5 {[%clk 1:02:46]} 12. a4
{[%clk 1:18:10]} O-O {[%clk 0:57:08]} 13. a5 {[%clk 1:11:21]} Nc6
{[%clk 0:50:24]} 14. b3 {[%clk 1:01:56]} Nd4 {[%clk 0:44:06]} 15. Nxd4
{[%clk 0:58:48]} cxd4 {[%clk 0:44:27]} 16. Bd2 {[%clk 0:55:42]} b5
{[%clk 0:40:59]} 17. Nxd6 {[%clk 0:52:19]} Qxd6 {[%clk 0:39:02]} 18. O-O
{[%clk 0:51:36]} c5 {[%clk 0:37:20]} 19. f4 {[%clk 0:49:39]} c4 {[%clk 0:37:42]}
20. bxc4 {[%clk 0:47:01]} bxc4 {[%clk 0:38:08]} 21. fxe5 {[%clk 0:46:03]} fxe5
{[%clk 0:38:18]} 22. Be1 {[%clk 0:38:45]} Rac8 {[%clk 0:28:39]} 23. Bg3
{[%clk 0:38:45]} Be6 {[%clk 0:28:34]} 24. Rxf8+ {[%clk 0:34:10]} Kxf8
{[%clk 0:27:31]} 25. Rb1 {[%clk 0:29:32]} cxd3 {[%clk 0:21:06]} 26. cxd3
{[%clk 0:29:41]} Bf7 {[%clk 0:14:19]} 27. Qb2 {[%clk 0:23:40]} Qh6
{[%clk 0:11:23]} 28. Kg2 {[%clk 0:18:25]} Qe3 {[%clk 0:10:09]} 29. Rf1
{[%clk 0:14:49]} Qxd3 {[%clk 0:03:41]} 30. Rxf7+ {[%clk 0:14:56]} Kxf7
{[%clk 0:04:11]} 31. Qb7+ {[%clk 0:15:22]} Kf6 {[%clk 0:03:50]} 32. Qxc8
{[%clk 0:13:40]} Qxe4+ {[%clk 0:03:53]} 33. Kf2 {[%clk 0:10:38]} Qe3+
{[%clk 0:03:59]} 1/2-1/2

[Event "Small Nations"]
[Site "?"]
[Date "2015.04.20"]
[Round "2.12"]
[White "Gengler, Pierre"]
[Black "Hadjikyriakou, Arsenios"]
[Result "1-0"]
[WhiteElo "2195"]
[BlackElo "1859"]
[PlyCount "58"]
[EventDate "2015.??.??"]
[TimeControl "6000+1650"]
[WhiteClock "0:07:19"]
[BlackClock "0:30:30"]

1. e4 e5 2. Nf3 Nc6 3. Bc4 Bc5 4. c3 Nf6 5. O-O Nxe4 6. d4 exd4 7. cxd4 d5 8.
dxc5 dxc4 9. Qxd8+ Kxd8 10. Rd1+ Bd7 11. Be3 Kc8 12. Rc1 Be6 13. Nbd2 Nxd2 14.
Nxd2 Ne5 15. Bd4 Nd3 16. Rc3 Rd8 17. Bxg7 Nf4 18. Rc2 Bf5 19. Rxc4 Ne2+ 20. Kf1
Rxd2 21. Bh6 Rd7 22. Re1 Bd3 23. Rg4 Nf4+ 24. Kg1 Ne6 25. Rg8+ Rd8 26. Rxd8+
Nxd8 27. Re7 Bb5 28. Bf4 Ne6 29. Rxf7 b6 {Black lost on time.} 1-0

[Event "Small Nations"]
[Site "?"]
[Date "2015.04.20"]
[Round "2.13"]
[White "Nielsen, Hogni Egilstoft"]
[Black "Jouault, Louis"]
[Result "0-1"]
[WhiteElo "2382"]
[BlackElo "1908"]
[PlyCount "65"]
[EventDate "2015.??.??"]
[TimeControl "6000+1450"]
[WhiteClock "0:30:23"]
[BlackClock "0:05:32"]

1. e4 d5 2. exd5 Nf6 3. Be2 Nxd5 4. d4 g6 5. Nf3 Bg7 6. O-O O-O 7. Re1 Nc6 8.
c3 e5 9. Nxe5 Nxe5 10. dxe5 Re8 11. Bf3 c6 12. Na3 Nb6 13. Qxd8 Rxd8 14. Bg5
Re8 15. Rad1 Be6 16. b3 h6 17. Bh4 g5 18. Bg3 Rad8 19. Nc2 Rxd1 20. Rxd1 Bc8
21. a4 g4 22. a5 gxf3 23. axb6 axb6 24. gxf3 Be6 25. Nd4 Rd8 26. Ra1 Bh3 27.
Ne2 Re8 28. Nf4 Bc8 29. Ng2 b5 30. h4 Kf8 31. f4 f6 32. Re1 c5 33. Re3 {White
lost on time.} 0-1

[Event "Small Nations"]
[Site "?"]
[Date "2015.04.20"]
[Round "2.14"]
[White "Mooney, Graham"]
[Black "Rodgaard, John"]
[Result "0-1"]
[BlackElo "2340"]
[WhiteElo "1870"]
[LiveChessVersion "1.4.5"]

1. e4 {[%clk 1:30:56]} e6 {[%clk 1:30:44]} 2. Nc3 {[%clk 1:30:57]} d5
{[%clk 1:30:50]} 3. Nf3 {[%clk 1:31:07]} Bb4 {[%clk 1:28:26]} 4. a3
{[%clk 1:29:36]} Bxc3 {[%clk 1:27:44]} 5. dxc3 {[%clk 1:29:56]} dxe4
{[%clk 1:27:53]} 6. Qxd8+ {[%clk 1:30:09]} Kxd8 {[%clk 1:28:21]} 7. Ng5
{[%clk 1:30:27]} Ke7 {[%clk 1:28:45]} 8. Nxe4 {[%clk 1:30:49]} Nd7
{[%clk 1:28:57]} 9. Bd3 {[%clk 1:29:15]} b6 {[%clk 1:21:26]} 10. O-O
{[%clk 1:27:17]} Bb7 {[%clk 1:19:43]} 11. f3 {[%clk 1:26:32]} Ngf6
{[%clk 1:16:28]} 12. Re1 {[%clk 1:23:49]} Nxe4 {[%clk 1:12:17]} 13. Bxe4
{[%clk 1:24:09]} Bxe4 {[%clk 1:12:41]} 14. Rxe4 {[%clk 1:23:46]} Rhd8
{[%clk 1:10:24]} 15. Bf4 {[%clk 1:22:32]} c5 {[%clk 1:06:02]} 16. Bc7
{[%clk 1:15:40]} Rdc8 {[%clk 1:06:02]} 17. Bf4 {[%clk 1:15:42]} Nf6
{[%clk 1:05:07]} 18. Re2 {[%clk 1:14:56]} Rd8 {[%clk 1:05:00]} 19. Rae1
{[%clk 1:15:09]} Rd5 {[%clk 1:03:43]} 20. Rd2 {[%clk 1:01:57]} Rxd2
{[%clk 1:00:01]} 21. Bxd2 {[%clk 1:02:00]} Rd8 {[%clk 1:00:03]} 22. Rd1
{[%clk 1:02:12]} e5 {[%clk 0:57:01]} 23. Kf1 {[%clk 0:59:47]} Ke6
{[%clk 0:57:17]} 24. Ke2 {[%clk 1:00:04]} c4 {[%clk 0:48:27]} 25. Bg5
{[%clk 0:56:55]} Rxd1 {[%clk 0:48:26]} 26. Kxd1 {[%clk 0:57:13]} Nd7
{[%clk 0:47:09]} 27. Ke2 {[%clk 0:56:39]} f5 {[%clk 0:45:46]} 28. Bd2
{[%clk 0:54:34]} Kd5 {[%clk 0:45:53]} 29. g3 {[%clk 0:54:29]} Nc5
{[%clk 0:40:19]} 30. Bc1 {[%clk 0:52:23]} Ne6 {[%clk 0:38:57]} 31. Bd2
{[%clk 0:49:59]} g5 {[%clk 0:37:23]} 32. Bc1 {[%clk 0:48:28]} f4 {[%clk 0:33:26]}
33. Kf2 {[%clk 0:45:21]} e4 {[%clk 0:28:39]} 34. Ke2 {[%clk 0:39:57]} Ke5
{[%clk 0:24:25]} 35. Kf2 {[%clk 0:32:37]} Kf5 {[%clk 0:16:26]} 36. g4+
{[%clk 0:30:44]} Ke5 {[%clk 0:16:50]} 37. Ke2 {[%clk 0:30:54]} Nf8
{[%clk 0:14:47]} 38. a4 {[%clk 0:30:52]} Nd7 {[%clk 0:08:42]} 39. b3
{[%clk 0:30:42]} Nc5 {[%clk 0:07:18]} 40. Ba3 {[%clk 0:30:37]} exf3+
{[%clk 0:02:37]} 41. Kxf3 {[%clk 0:30:51]} Kd5 {[%clk 0:01:29]} 42. h4
{[%clk 0:30:26]} h6 {[%clk 0:01:53]} 43. hxg5 {[%clk 0:28:25]} hxg5
{[%clk 0:02:20]} 44. Bb4 {[%clk 0:27:41]} cxb3 {[%clk 0:14:09]} 45. cxb3
{[%clk 0:57:51]} Nxb3 {[%clk 0:14:07]} 46. Be7 {[%clk 0:58:13]} Nd2+
{[%clk 0:14:26]} 47. Ke2 {[%clk 0:58:35]} Ne4 {[%clk 0:14:34]} 48. Kd3
{[%clk 0:58:16]} Ke6 {[%clk 0:13:49]} 49. Bb4 {[%clk 0:53:05]} Nf2+
{[%clk 0:14:05]} 50. Kd4 {[%clk 0:52:27]} Nxg4 {[%clk 0:14:13]} 51. a5
{[%clk 0:52:03]} f3 {[%clk 0:11:31]} 52. axb6 {[%clk 0:51:51]} axb6
{[%clk 0:12:00]} 53. Kd3 {[%clk 0:52:05]} Ne5+ {[%clk 0:11:13]} 54. Ke3
{[%clk 0:51:17]} g4 {[%clk 0:09:57]} 55. Bf8 {[%clk 0:49:12]} g3 {[%clk 0:08:49]}
56. Bg7 {[%clk 0:47:39]} g2 {[%clk 0:08:39]} 57. Kf2 {[%clk 0:47:50]} Nd3+
{[%clk 0:08:51]} 58. Kg1 {[%clk 0:48:13]} Nf4 {[%clk 0:08:59]} 0-1

[Event "Small Nations"]
[Site "?"]
[Date "2015.04.20"]
[Round "2.15"]
[White "Poulsen, Martin"]
[Black "Kahn, Tito"]
[Result "1-0"]
[BlackElo "1942"]
[WhiteElo "2252"]
[LiveChessVersion "1.4.5"]

1. c4 {[%clk 1:29:48]} c5 {[%clk 1:30:53]} 2. Nc3 {[%clk 1:27:29]} Nc6
{[%clk 1:31:18]} 3. e3 {[%clk 1:25:13]} g6 {[%clk 1:27:56]} 4. d4
{[%clk 1:20:19]} Bg7 {[%clk 1:23:33]} 5. Nf3 {[%clk 1:19:02]} cxd4
{[%clk 1:19:18]} 6. exd4 {[%clk 1:16:09]} d6 {[%clk 1:19:23]} 7. h3
{[%clk 1:08:08]} Nh6 {[%clk 1:17:27]} 8. d5 {[%clk 0:58:32]} Nb8 {[%clk 1:14:08]}
9. Be2 {[%clk 0:48:06]} O-O {[%clk 1:14:31]} 10. O-O {[%clk 0:40:53]} Re8
{[%clk 1:14:50]} 11. Bg5 {[%clk 0:35:06]} f6 {[%clk 1:13:13]} 12. Bc1
{[%clk 0:27:42]} e5 {[%clk 1:02:34]} 13. dxe6 {[%clk 0:27:15]} Bxe6
{[%clk 1:02:16]} 14. Nd4 {[%clk 0:23:19]} Nc6 {[%clk 0:59:18]} 15. Nxe6
{[%clk 0:20:20]} Rxe6 {[%clk 0:59:46]} 16. c5 {[%clk 0:17:19]} d5
{[%clk 0:57:57]} 17. Bf3 {[%clk 0:14:35]} Kh8 {[%clk 0:53:08]} 18. Bxd5
{[%clk 0:13:41]} Re7 {[%clk 0:52:30]} 19. Bxh6 {[%clk 0:09:08]} Bxh6
{[%clk 0:52:43]} 20. Bxc6 {[%clk 0:09:08]} bxc6 {[%clk 0:52:31]} 21. Qf3
{[%clk 0:09:13]} Re5 {[%clk 0:47:33]} 22. Qxc6 {[%clk 0:06:51]} Rc8
{[%clk 0:46:53]} 23. Rad1 {[%clk 0:04:50]} Qf8 {[%clk 0:41:43]} 24. Qb7
{[%clk 0:02:37]} Re7 {[%clk 0:39:24]} 25. Qb4 {[%clk 0:02:17]} Rec7
{[%clk 0:31:36]} 26. Na4 {[%clk 0:02:05]} Qf7 {[%clk 0:29:28]} 27. b3
{[%clk 0:02:18]} Bf8 {[%clk 0:29:12]} 28. Rc1 {[%clk 0:02:05]} Qd5
{[%clk 0:25:53]} 29. Rfd1 {[%clk 0:00:58]} Qe5 {[%clk 0:22:26]} 30. Qd4
{[%clk 0:00:58]} Qh5 {[%clk 0:10:47]} 31. Qxf6+ {[%clk 0:00:43]} Bg7
{[%clk 0:11:12]} 32. Rd8+ {[%clk 0:00:56]} 1-0

[Event "Small Nations"]
[Site "?"]
[Date "2015.04.20"]
[Round "2.16"]
[White "Forbes, Garry"]
[Black "Andreasen, Joan Hendrik"]
[Result "0-1"]
[BlackElo "2227"]
[WhiteElo "1908"]
[LiveChessVersion "1.4.5"]

1. d4 {[%clk 1:30:57]} Nf6 {[%clk 1:30:35]} 2. c4 {[%clk 1:31:24]} g6
{[%clk 1:30:21]} 3. Nc3 {[%clk 1:31:49]} d5 {[%clk 1:30:46]} 4. cxd5
{[%clk 1:31:37]} Nxd5 {[%clk 1:31:10]} 5. Bd2 {[%clk 1:32:03]} Nb6
{[%clk 1:31:16]} 6. e4 {[%clk 1:28:24]} Qxd4 {[%clk 1:26:54]} 7. Nf3
{[%clk 1:28:52]} Qd8 {[%clk 1:25:53]} 8. Be2 {[%clk 1:29:12]} Bg7
{[%clk 1:25:51]} 9. O-O {[%clk 1:29:33]} O-O {[%clk 1:25:52]} 10. Qc2
{[%clk 1:27:04]} N8d7 {[%clk 1:21:03]} 11. Rad1 {[%clk 1:26:22]} c6
{[%clk 1:21:03]} 12. Be3 {[%clk 1:26:22]} Qe8 {[%clk 1:13:36]} 13. a4
{[%clk 4:15:23]} Nf6 {[%clk 1:13:36]} 14. h3 {[%clk 4:15:23]} Be6
{[%clk 1:13:36]} 15. b3 {[%clk 4:15:23]} h6 {[%clk 1:13:36]} 16. a5
{[%clk 4:15:23]} Nc8 {[%clk 1:13:36]} 17. Rd2 {[%clk 4:15:23]} Nh7
{[%clk 1:13:36]} 18. Rfd1 {[%clk 4:15:23]} Nd6 {[%clk 1:13:36]} 19. Nd4
{[%clk 4:15:23]} Bc8 {[%clk 1:13:36]} 20. f4 {[%clk 4:15:23]} Kh8
{[%clk 1:13:36]} 21. e5 {[%clk 4:15:23]} Nf5 {[%clk 1:13:36]} 22. Bf2
{[%clk 4:15:23]} Nxd4 {[%clk 1:13:36]} 23. Rxd4 {[%clk 4:15:23]} Bf5
{[%clk 1:13:36]} 24. Bd3 {[%clk 4:15:23]} Be6 {[%clk 1:13:36]} 25. Be4
{[%clk 4:15:23]} f5 {[%clk 1:13:36]} 26. exf6 {[%clk 4:15:23]} Rxf6
{[%clk 1:13:36]} 27. g3 {[%clk 4:15:23]} Bxh3 {[%clk 1:13:36]} 28. Kh2
{[%clk 4:15:23]} Be6 {[%clk 1:13:36]} 29. R4d2 {[%clk 4:15:23]} Bg4
{[%clk 1:13:36]} 30. Re1 {[%clk 4:15:23]} Re6 {[%clk 1:13:36]} 31. Na4 g5
{[%clk 0:03:45]} 32. fxg5 {[%clk 0:00:36]} Qh5+ {[%clk 0:03:50]} 33. Kg1
{[%clk 0:00:53]} Nxg5 {[%clk 0:02:23]} 34. Bg2 {[%clk 0:01:21]} Nf3+
{[%clk 0:01:55]} 35. Kf1 {[%clk 0:01:11]} Nh2+ {[%clk 0:02:16]} 36. Kg1
{[%clk 0:01:32]} Nf3+ {[%clk 0:02:36]} 37. Kf1 {[%clk 0:02:00]} Qb5+
{[%clk 0:02:14]} 38. Ree2 {[%clk 0:00:39]} Nxd2+ {[%clk 0:02:31]} 39. Ke1 0-1